[Event "Charlotte Carolinas op"]
[Site "Charlotte"]
[Date "2023.06.10"]
[Round "2"]
[White "Barnes, Maxwell Hampton"]
[Black "Abrahamyan, Tatev"]
[Result "0-1"]
[WhiteElo "1681"]
[BlackElo "2282"]
[PlyCount "120"]
[EventDate "2023.06.09"]
[EventType "swiss"]
[EventRounds "5"]
[EventCountry "USA"]
[SourceTitle "CBM 214 Extra"]
[Source "ChessBase"]
[SourceDate "2023.07.31"]
[SourceVersion "1"]
[SourceVersionDate "2023.07.31"]
[SourceQuality "1"]

1. Nf3 Nf6 2. b3 d6 3. d4 g6 4. Bb2 Bg7 5. g3 0-0 6. Bg2 Nbd7 7. 0-0 Re8 8. c4 c6 9. Nc3 e5 10. e4 Qc7 11. Qc2 b5 12. dxe5 dxe5 13. cxb5 cxb5 14. Rac1 a6 15. Qe2 Qb6 16. Rfd1 Bb7 17. Nd5 Nxd5 18. exd5 e4 19. Ne1 Rad8 20. Bxg7 Kxg7 21. Nc2 Nf6 22. Ne3 Nxd5 23. Nxd5 Rxd5 24. Rxd5 Bxd5 25. Rd1 Bb7 26. Rd7 Bc8 27. Qb2+ Qf6 28. Qxf6+ Kxf6 29. Rc7 Bf5 30. h3 h5 31. b4 e3 32. Rc6+ Kg7 33. fxe3 Rxe3 34. Kf2 Ra3 35. Bd5 Bxh3 36. Rc7 Bf5 37. Rxf7+ Kh6 38. Rf6 Kg5 39. Rc6 Ra4 40. Bb3 Rxb4 41. Rxa6 Rd4 42. Rb6 Rd2+ 43. Ke3 Rd3+ 44. Kf2 Kg4 45. Rxb5 Rf3+ 46. Kg2 Rxg3+ 47. Kh2 Be4 48. Bd1+ Kf4 49. Rb2 Rd3 50. Rf2+ Ke3 51. Re2+ Kf3 52. Rd2+ Kf4 53. Rf2+ Ke5 54. Bc2 Re3 55. Bb3 g5 56. Rf8 g4 57. Rg8 Rh3+ 58. Kg1 g3 59. Re8+ Kd4 60. Rd8+ Ke3 0-1